Matemáticas

Gespeichert in:
Bibliographische Detailangaben
1. Verfasser: Luque Lucena, Manuel Autor
Weitere Verfasser: Martínez Páez, Ángel Autor
Format: keine Angabe
Sprache:Spanisch
Erschienen: 1-Burgos,España Hijos de Santiago Rodríguez 1974
Ausgabe:
Katalog:MANES:  Suchergebnis im Bibliothekskatalog
Schulbuchspezifische Eigenschaften:
Tags: Tag hinzufügen
Keine Tags, Fügen Sie den ersten Tag hinzu!
Hinzugefügt zu:26.04.2016

MARC

LEADER 000000000a22000000004500
001 19866
003 OSt
008 160427s sp ||||| |||| 00| 0 spa d
041 1 |a spa 
040 |c centro_manes 
691 7 |a PRI 
100 1 |a Luque Lucena, Manuel  |b Autor  |9 14142 
700 1 |a Martínez Páez, Ángel  |b Autor  |9 14143 
245 0 0 |a Matemáticas 
250 |a 2ª 
260 3 |a 1-Burgos,España  |b Hijos de Santiago Rodríguez  |c 1974 
300 |a 175 p.  |c 18 x 24 cm. 
500 |a nivel: Libro para 5º de la EGB. 
690 0 |a MATE 
942 |2 ddc  |c BK 
546 |a España 
999 |c 25834  |d 25834 
999 |c manes:25834  |d 25834